| 000 | 00921cab a2200277 4500 | ||
|---|---|---|---|
| 001 | WB3147-37 | ||
| 008 | 090401t1995 xxu||||| |||| 00| 0 eng d | ||
| 035 | _a(Sirsi) u51522 | ||
| 041 | _aeng | ||
| 245 | _aValuation | ||
| 260 | _c1995 | ||
| 350 | _a0 | ||
| 490 |
_aEstates Gazette Case Summaries _v1995 EGCS 190(9/12/95) |
||
| 520 | _a"United Bank of Kuwait plc v Prudential Property Services Ltd" CA 27 November 1995. Upheld HC`s decision rejecting the defendant surveyors` defence of contributory negligence in instance of over-valuation for loan purposes. | ||
| 650 | _aBANQUE BRUXELLES LAMBERT V EAGLE STAR INSURANCE CO LTD | ||
| 650 | _aCONTRIBUTORY NEGLIGENCE | ||
| 650 | _aDAMAGES | ||
| 650 | _aLOSSES | ||
| 650 | _aNEGLIGENCE | ||
| 650 | _aOVERVALUATION | ||
| 650 | _aSURVEYORS | ||
| 650 |
_aValuation _96273 |
||
| 690 | _aRATING AND VALUATION-CASE LAW | ||
| 942 | _n0 | ||
| 948 | _c04/03/1997 | ||
| 999 |
_c31986 _d31986 |
||